La plusvalía ideológica /
Guardado en:
| Autor principal: | |
|---|---|
| Formato: | Libro |
| Lenguaje: | Spanish |
| Publicado: |
Caracas, Venezuela
Universidad Central de Venezuela
1977
|
| Edición: | 3era. edición |
| Colección: | Colección Avance
|
| Materias: | |
| Etiquetas: |
Agregar Etiqueta
Sin Etiquetas, Sea el primero en etiquetar este registro!
|
MARC
| LEADER | 00000nam a22000007a 4500 | ||
|---|---|---|---|
| 003 | cru CIDCACS/IIS | ||
| 005 | 20171116152653.0 | ||
| 008 | 171116b1977 ve |||||||||||||||0|spa d | ||
| 999 | |c 40622 |d 40622 | ||
| 040 | |c cru CIDCACS/IIS | ||
| 090 | |a 00.00.00 Sxxxp | ||
| 100 | 1 | |9 6018 |a Silva, Ludovico | |
| 245 | 1 | 3 | |a La plusvalía ideológica / |c Ludovico Silva; prólogo de Juan Nuño |
| 250 | |a 3era. edición | ||
| 260 | |a Caracas, Venezuela |b Universidad Central de Venezuela |c 1977 | ||
| 300 | |a 270 páginas | ||
| 440 | |9 6019 |a Colección Avance |n 30 | ||
| 500 | |a Colección Alforja | ||
| 650 | 1 | 7 | |9 1428 |a IDEOLOGIAS |
| 650 | 1 | 7 | |9 3773 |a PLUSVALIA |
| 650 | 1 | 7 | |9 6020 |a BONAPARTE, NAPOLEON |
| 650 | 1 | 7 | |9 3278 |a MARX, CARLOS |y 1818-1883 |
| 650 | 1 | 7 | |9 6021 |a ENGELS, FEDERICO |y 1820-1895 |
| 650 | 1 | 7 | |9 6022 |a SARTRE, JEAN PAUL |y 1905-1980 |
| 650 | 1 | 7 | |9 6023 |a NIETZSCHE, FEDERICO |y 1844-1900 |
| 650 | 1 | 0 | |9 6027 |a ORTEGA Y GASSET, JOSE |y 1883-1955 |
| 942 | |2 ddc |c LI | ||
